Mosbys Guide to Physical Examination (Record no. 154691)
[ view plain ]
| 000 -LEADER | |
|---|---|
| fixed length control field | 00405nam a2200145Ia 4500 |
| 008 - FIXED-LENGTH DATA ELEMENTS--GENERAL INFORMATION | |
| fixed length control field | 230411s9999 xx 000 0 und d |
| 020 ## - INTERNATIONAL STANDARD BOOK NUMBER | |
| International Standard Book Number | 0-323-02888-8 |
| 041 ## - LANGUAGE CODE | |
| Language code of text/sound track or separate title | eng |
| 082 ## - DEWEY DECIMAL CLASSIFICATION NUMBER | |
| Classification number | F/616.075/SEI/BAL/B03903 |
| 100 ## - MAIN ENTRY--PERSONAL NAME | |
| Personal name | Seidel Henry & Ball Jane |
| 9 (RLIN) | 177992 |
| 245 ## - TITLE STATEMENT | |
| Title | Mosbys Guide to Physical Examination |
| 260 ## - PUBLICATION, DISTRIBUTION, ETC. (IMPRINT) | |
| Name of publisher, distributor, etc. | Mosby Elsevier |
| Place of publication, distribution, etc. | St Louis |
| Date of publication, distribution, etc. | 2006 |
| 300 ## - PHYSICAL DESCRIPTION | |
| Extent | 1011p |
| Withdrawn status | Lost status | Damaged status | Not for loan | Collection code | Home library | Current library | Date acquired | Vendor | Cost, normal purchase price | Bill number | Total Checkouts | Full call number | Barcode | Date last seen | Cost, replacement price | Bill Date | Koha item type | Original Barcode |
|---|---|---|---|---|---|---|---|---|---|---|---|---|---|---|---|---|---|---|
| Smt. Bakul Tambat Institute of Nursing Education | Smt. Bakul Tambat Institute of Nursing Education | 22/02/2007 | B.J.Medical Co-oprative College Stores | 3843.00 | 1025 | F 616.075 SEI BAL B03903 | BTIN-BK-3903 | 11/04/2023 | 2690.00 | 22/02/2007 | Books | B03903 |